Unie varuje před zaostáváním

Tvrdá sebakritika úrovne vedy a technológie v Európskej únii. Zaostávanie za USA a Japonskom. Šance, ako podiel vedy a technológie zvyšovať. Nízky príspevok súkromného sektoru na financovanie výskumu a vývoja v EÚ. Výzva na zvýšenie výdavkov na výskum v EÚ na 3 percentá HDP do konca roku 2010. Barié...

Descripción completa

Guardado en:
Detalles Bibliográficos
Autor principal: Zahradník, Petr
Formato: Capítulo de libro
Lenguaje:checo
Materias:
Etiquetas: Agregar Etiqueta
Sin Etiquetas, Sea el primero en etiquetar este registro!

MARC

LEADER 00000naa a2200000 4500
001 r048356
005 20231004070933.7
041 0 |a cze 
044 |a CZ 
245 1 0 |a Unie varuje před zaostáváním  |c Petr Zahradník 
520 |a Tvrdá sebakritika úrovne vedy a technológie v Európskej únii. Zaostávanie za USA a Japonskom. Šance, ako podiel vedy a technológie zvyšovať. Nízky príspevok súkromného sektoru na financovanie výskumu a vývoja v EÚ. Výzva na zvýšenie výdavkov na výskum v EÚ na 3 percentá HDP do konca roku 2010. Bariéra medzi civilným a vojensky orientovaným výskumom. 
610 2 0 |a Európska únia 
610 2 0 |a veda 
610 2 0 |a výskum 
610 2 0 |a porovnanie medzinárodné 
100 1 |a Zahradník, Petr